000
00328nam a2200121Ia 4500
008
240624s9999 xx 000 0 und d
041
_a
eng
082
_a
823 DOY
100
_a
DOYLE ARTHUR CONAN
245
_a
COMPLETE SHERLOCK HOLMES II
260
_c
2002
_a
New Delhi
_b
Indialog Publishing Pvt. Ltd.
300
_a
197 : p. : cm. ; 18
999
_c
4811
_d
4811